| 000 | 00582nam a2200217Ia 4500 | ||
|---|---|---|---|
| 005 | 20230420144511.0 | ||
| 008 | 230125s9999 xx 000 0 und d | ||
| 020 | _a9780814470572 | ||
| 041 | _aeng | ||
| 082 |
_a003.54 _bSTO |
||
| 100 |
_aStorey D _9116914 |
||
| 245 |
_aOffice Computing _bThe essential Guide to Thinking Working Smarter |
||
| 260 |
_bAmacom _aNew York |
||
| 300 | _a95p | ||
| 500 | _aInformation technology | ||
| 650 |
_aInformation technology _9106901 |
||
| 700 |
_aStorey D _9116914 |
||
| 906 | _b215.45 | ||
| 942 | _cBK | ||
| 999 |
_c94642 _d94642 |
||